Reinstatement cost assessment and insurance claims (Record no. 94346)

MARC details
000 -LEADER
fixed length control field 01026cam a2200277 4500
008 - FIXED-LENGTH DATA ELEMENTS--GENERAL INFORMATION
fixed length control field 090401t1995 xxu||||| |||| 00| 0 eng d
020 ## - INTERNATIONAL STANDARD BOOK NUMBER
International Standard Book Number 0854066853
035 ## - SYSTEM CONTROL NUMBER
System control number (Sirsi) u61748
041 #0 - LANGUAGE CODE
Language code of text/sound track or separate title eng
050 04 - LIBRARY OF CONGRESS CALL NUMBER
Classification number 368.1 $2 18
090 ## - LOCALLY ASSIGNED LC-TYPE CALL NUMBER (OCLC); LOCAL CALL NUMBER (RLIN)
Classification number (OCLC) (R) ; Classification number, CALL (RLIN) (NR) RICS 1995/36ABCD
110 2# - MAIN ENTRY--CORPORATE NAME
Corporate name or jurisdiction name as entry element Royal Institution of Chartered Surveyors
9 (RLIN) 4900
245 00 - TITLE STATEMENT
Title Reinstatement cost assessment and insurance claims
250 ## - EDITION STATEMENT
Edition statement 2nd ed.
260 ## - PUBLICATION, DISTRIBUTION, ETC.
Place of publication, distribution, etc. London
Name of publisher, distributor, etc. RICS
Date of publication, distribution, etc. 1995
300 ## - PHYSICAL DESCRIPTION
Extent 16p.
Dimensions 30cm.
350 ## - PRICE (NR) (BK AM CF MU VM SE) [OBSOLETE]
Price 8.95
490 #0 - SERIES STATEMENT
Series statement RICS Guidance Note
520 ## - SUMMARY, ETC.
Summary, etc. Enables surveyors to offer advice to the clients on the appropriate level of insurance required and on the procedures for making a claim. Considers the varying, specific information which needs to be recorded in each case to allow an adequate reinstatement cost to be added.
520 ## - SUMMARY, ETC.
Summary, etc. Withdrawn 1 August 2006.
651 #4 - SUBJECT ADDED ENTRY--GEOGRAPHIC NAME
Geographic name England and Wales
Chronological subdivision 1543-
690 ## - LOCAL SUBJECT ADDED ENTRY--TOPICAL TERM (OCLC, RLIN)
Topical term or geographic name as entry element BUILT ENVIRONMENT-BUILDING COSTS-REINSTATEMENT COSTS
942 ## - ADDED ENTRY ELEMENTS (KOHA)
Suppress in OPAC 0
948 ## - LOCAL PROCESSING INFORMATION (OCLC); SERIES PART DESIGNATOR (RLIN)
c (OCLC) 04/03/1997
Holdings
Withdrawn status Lost status Source of classification or shelving scheme Damaged status Not for loan Home library Current library Shelving location Date acquired Cost, normal purchase price Total Checkouts Full call number Barcode Date last seen Copy number Cost, replacement price Price effective from Koha item type Date last checked out
    Dewey Decimal Classification     Historic collection Historic collection RICS Boxes 14/08/2012     RICS 1995/36 30077590 06/08/2019 1   06/08/2019 Archive  
    Dewey Decimal Classification     London London RICS Boxes 23/05/1995 8.95   RICS 1995/36 30048384 06/08/2019 1 8.95 06/08/2019 Reference material  
    Dewey Decimal Classification     London London RICS Boxes 23/05/1995 8.95   RICS 1995/36 30048383 06/08/2019 2 8.95 06/08/2019 Archive  
    Dewey Decimal Classification     London London RICS Boxes 23/05/1995 8.95 49 RICS 1995/36 30048385 06/08/2019 4 8.95 06/08/2019 Book 11/03/2009